Phân tích hành vi khách hàng mua sắm mỹ phẩm trực tuyến tại Cần Thơ : Luận văn tốt nghiệp Thạc sĩ. Chuyên ngành Quản trị kinh doanh
Phân tích hành vi mua sắm mỹ phẩm trực tuyến tại Cần Thơ nhằm nắm bắt được thực trạng kinh doanh mỹ phẩm trực tuyến hiệun nay.
Na minha lista:
| Autor principal: | |
|---|---|
| Formato: | Livro |
| Idioma: | Undetermined |
| Publicado em: |
Cần Thơ
Trường Đại học Cần Thơ
2017
|
| Assuntos: | |
| Tags: |
Adicionar Tag
Sem tags, seja o primeiro a adicionar uma tag!
|
| Thư viện lưu trữ: | Trung tâm Học liệu Trường Đại học Cần Thơ |
|---|
| LEADER | 01049nam a2200217Ia 4500 | ||
|---|---|---|---|
| 001 | CTU_221528 | ||
| 008 | 210402s9999 xx 000 0 und d | ||
| 082 | |a 658.8342 | ||
| 082 | |b H561 | ||
| 088 | |a 60340102 | ||
| 100 | |a Nguyễn, Ngọc Hương | ||
| 245 | 0 | |a Phân tích hành vi khách hàng mua sắm mỹ phẩm trực tuyến tại Cần Thơ : | |
| 245 | 0 | |b Luận văn tốt nghiệp Thạc sĩ. Chuyên ngành Quản trị kinh doanh | |
| 245 | 0 | |c Nguyễn Ngọc Hương ; Lê Nguyễn Đoan Khôi (Cán bộ hướng dẫn) | |
| 260 | |a Cần Thơ | ||
| 260 | |b Trường Đại học Cần Thơ | ||
| 260 | |c 2017 | ||
| 520 | |a Phân tích hành vi mua sắm mỹ phẩm trực tuyến tại Cần Thơ nhằm nắm bắt được thực trạng kinh doanh mỹ phẩm trực tuyến hiệun nay. | ||
| 650 | |a Hành vi tiêu dùng,Consumer behavior | ||
| 904 | |i Nghị,Hải | ||
| 980 | |a Trung tâm Học liệu Trường Đại học Cần Thơ | ||